000 00800nam a2200241Ia 4500
003 OSt
005 20220926021716.0
006 a|||||r|||| 00| 0
007 ta
008 220923b |||||||| |||| 00| 0 eng d
037 _cGeneral Book
040 _aRTL
_cRTL
_beng
041 _2eng
_aeng
082 _aVIN45,933:8.N78, L8,22.1 UN
110 _aUNITED NATIONS, GENERAL ASSEMBLY.
_999298
245 0 _aAgainst apartheid
_b Report of the special committee .
260 _aNew York
_bUnited Nations
_c1978
300 _av.i(vi,62p)
_ccm.
500 _aOfficial records ,Thirty-third session ,; Supp.no. 22(A/33/22)
700 _aUNITED NATIONS, GENERAL ASSEMBLY.
_999299
942 _hVIN45,933:8.N78, L8,22.1 UN
_cGB
_2CC
999 _c637442
_d637442